| 000 | 00507 a2200157 4500 | ||
|---|---|---|---|
| 020 | _a0201568810 (paperback) | ||
| 020 | _a9780201568813 (paperback) | ||
| 090 |
_c5172 _d5172 |
||
| 100 | 1 | _aO'Sullivan, Michael. | |
| 245 | 1 | 0 |
_aCompetitive edge through credit management / _cMichael O'Sullivan. |
| 250 | _a4th ed. | ||
| 260 |
_a[S.l.] : _bAddison Wesley, _c1992. |
||
| 300 | _a224 p. | ||
| 856 | 4 | 0 |
_3Amazon.com _uhttp://www.amazon.com/exec/obidos/ASIN/0201568810/chopaconline-20 |
| 942 |
_aNBS _cBK _k658 MIC |
||
| 999 |
_c347592 _d347592 |
||